00642nam a2200169 a 4500008004100000050001500041245006300056246000900119260002200128350000900150650002600159650003500185650001300220995009100233999001700324952013100341120416s1997 ||||||||||||||||| || u aJC 362 Jap10aJapan international cooperation agency annual report, 1997 aJICA aJapanbJICAc1997 a0.00 aWORLD POLITICS--JAPAN aINTERNATIONAL RELATIONS--JAPAN aPOLITICS D0.00FCBU-MAIN LIBRARY (Kitwe)H1I36.00M1ULOSTZMain Library Open Access Collection c48428d48428 00102lcc4070a001b001cMain Library Open Access Collectiond2022-11-30l0oJC 362 Japp729740r2022-11-30w2022-11-30y002